| 000 | 01008nam0a22002651 4500 | ||
|---|---|---|---|
| 001 | rc\4507819 | ||
| 005 | 20250612103247.0 | ||
| 021 |
_aRU _b[59-13957] |
||
| 035 | _a(NLR Aleph) 008617160 | ||
| 090 |
_a8800031 _c8800031 |
||
| 100 | _a20130416d1958 |||y0rusy50 ca | ||
| 101 | 0 | _arus | |
| 102 | _aRU | ||
| 105 | _ay z ||||| | ||
| 200 | 1 | _aРазвитие цветной металлургии в Северной Осетии. (1839-1940 гг.) | |
| 210 |
_aОрджоникидзе _cСев.-Осет. кн. изд-во _d1958 |
||
| 215 |
_a130 с. _d23 |
||
| 300 | _aПеред загл. авт.: Б.Н. Кайтуков, канд. экон. наук | ||
| 606 |
_aЦветная металлургическая промышленность _yСеверо-Осетинская АССР _xИстория _2psbo |
||
| 700 | 1 |
_aКайтуков _bБ.Н. _gБорис Николаевич |
|
| 801 | 0 |
_aRU _bNLR _gpsbo |
|
| 801 | 1 |
_aRU _bELAR _2rusmarc |
|
| 852 |
_aNLR _j59-5/1248 |
||
| 942 | _cBOOK | ||
| 980 | _aNB | ||